| 000 | 01464cam a2200421 i 4500 | ||
|---|---|---|---|
| 001 | 55984 | ||
| 003 | KOSZ 005 | ||
| 005 | 20220318081149.0 | ||
| 008 | 081210s2001 pl f f |000 0 pol | ||
| 020 | _a8320425816 | ||
| 040 |
_cKOSZ 005 _aKOSZ 005 _dKOSZ 005/HR |
||
| 041 | _apol | ||
| 046 | _k2001 | ||
| 080 | _a534.8 | ||
| 080 | _a621.01 | ||
| 080 | _a(075.8) | ||
| 245 | 0 | 0 |
_aWspomaganie konstruowania układów redukcji drgań i hałasu maszyn / _cpod red. Jerzego Świdra, Jana Kaźmierczaka ; aut. Andrzej Buchacz [et al.]. |
| 260 |
_aWarszawa : _bWydawnictwa Naukowo-Techniczne, _c2001. |
||
| 300 |
_a453 s. : _bil. ; _c24 cm. |
||
| 380 | _aKsiążki | ||
| 388 | _a2001- | ||
| 490 | 1 | _aWspomaganie Komputerowe CADCAM | |
| 504 | _aBibliogr. | ||
| 650 | 4 | _a Konstrukcja maszyn i urządzeń | |
| 650 | 4 | _aHałas | |
| 650 | 4 | _aZwalczanie | |
| 650 | 4 | _aWibroizolacja | |
| 650 | 4 | _aProjektowanie wspomagane komputerowo | |
| 655 | _aPodręczniki akademickie | ||
| 658 | _aInżynieria i technika | ||
| 700 | 1 |
_aŚwider, Jerzy _d(1949- ) _eRedakcja |
|
| 700 | 1 |
_aKaźmierczak, Jan _eRedakcja |
|
| 700 | 1 |
_aBuchacz, Andrzej _eAutor |
|
| 710 | 2 |
_aWydawnictwa Naukowo-Techniczne _4pbl |
|
| 830 | _aWspomaganie Komputerowe CAD/CAM | ||
| 856 |
_uhttp://koha.tu.koszalin.pl/cgi-bin/koha/opac-detail.pl?biblionumber=55984 _yKatalog online BPK |
||
| 942 |
_cKS _2UKD |
||
| 999 |
_c55984 _d55984 |
||